00389 2200157 4500001002100000005001500021035002000036245005100056100001300107300001200120260004300132082000800175084001400183020002200197990001200219INLIS00000000000181920250507071954 a0010-05250001111 aPengenalan Bodi Otomotif /cDrs. Buntarto,M.Pd0 aBuntarto a144 hlm aYogyakarta :bPustakabaru Press,c2015 a600 a600 BUN p a978-602-0874-06-7 a0754737